Biblioteca y Centro de Documentación

Betriebsergebnisse der Kernkraftwerke 1993 (Registro nro. 2977)

Detalles MARC
000 -CABECERA
Longitud fija campo de control 01943nam a2200397 c 4500
001 - NÚMERO DE CONTROL
Número de control 2977
003 - IDENTIFICADOR DE NÚMERO DE CONTROL
Identificador del número de control ES-MaCES
005 - FECHA Y HORA DE LA ÚLTIMA TRANSACCIÓN
Fecha y hora de la última transacción 20150929135349.0
008 - CAMPO FIJO DE DESCRIPCIÓN FIJA--INFORMACIÓN GENERAL
Códigos de información de longitud fija   950807s1994 lu ||| | ger d
020 ## - ISBN (INTERNATIONAL STANDARD BOOK NUMBER)
Número Internacional Normalizado para Libros (ISBN) 9282687724
035 ## - NÚMERO DE CONTROL DEL SISTEMA
Número de control del sistema CES19980030003m
040 ## - FUENTE DE CATALOGACIÓN
Centro catalogador de origen ES-MaCES
Lengua de catalogación spa
Centro transcriptor ES-MaCES
041 0# - CÓDIGO DE IDIOMA
Código de lengua del texto;banda sonora o título independiente ger
-- eng
-- fre
245 00 - MENCIÓN DE TÍTULO
Título Betriebsergebnisse der Kernkraftwerke 1993
Mención de responsabilidad, etc. Eurostat, Statistisches amt der europäischen Gemeinschaften = Operation of nuclear power stations 1993 / Eurostat, Statistical Office of the European Communities = Exploitation des centrales nucléaires 1993 / Eurostat, Office statistique des Communautés européennes
246 3# - FORMA VARIANTE DEL TÍTULO
Título propio ; Título en breve Operation of nuclear power stations 1993
246 3# - FORMA VARIANTE DEL TÍTULO
Título propio ; Título en breve Exploitation des centrales nucléaires 1993
260 ## - PUBLICACIÓN, DISTRIBUCIÓN, ETC (PIE DE IMPRENTA)
Lugar de publicación, distribución, etc. Luxembourg
Nombre del editor, distribuidor, etc. Office des publications officielles des Communautés européennes
Fecha de publicación, distribución, etc. 1994
300 ## - DESCRIPCIÓN FÍSICA
Extensión 141 p.
Dimensiones 30 cm
490 1# - MENCIÓN DE SERIE
Mención de serie Themenkreis 4, Energie und Industrie. Reihe C, Konten, Erhebungen und Statistiken = Theme 4, Energy and industry. Series C, Accounts, surveys and statistics = Thème 4, Energie et industrie. Série C, Comptes, enquêtes et statistiques
500 ## - NOTA GENERAL
Nota general Texto en alemán, inglés y francés
541 ## - NOTA DE LA FUENTE INMEDIANTE DE ADQUISICIÓN
Forma de adquisición Gratuito
650 #4 - ASIENTO SECUNDARIO DE MATERIA--TÉRMINO DE MATERIA
Término de materia o nombre geográfico como elemento inicial energía nuclear
9 (RLIN) 27767
650 #4 - ASIENTO SECUNDARIO DE MATERIA--TÉRMINO DE MATERIA
Término de materia o nombre geográfico como elemento inicial central nuclear
9 (RLIN) 30964
650 #4 - ASIENTO SECUNDARIO DE MATERIA--TÉRMINO DE MATERIA
Término de materia o nombre geográfico como elemento inicial producción de energía
9 (RLIN) 27753
650 #4 - ASIENTO SECUNDARIO DE MATERIA--TÉRMINO DE MATERIA
Término de materia o nombre geográfico como elemento inicial 1993
9 (RLIN) 30807
650 #4 - ASIENTO SECUNDARIO DE MATERIA--TÉRMINO DE MATERIA
Término de materia o nombre geográfico como elemento inicial datos estadísticos
9 (RLIN) 30765
650 #4 - ASIENTO SECUNDARIO DE MATERIA--TÉRMINO DE MATERIA
Término de materia o nombre geográfico como elemento inicial informe
9 (RLIN) 28986
653 10 - TÉRMINO DE INDEXACIÓN--NO CONTROLADO
Término no controlado Estadísticas sectoriales
650 #4 - ASIENTO SECUNDARIO DE MATERIA--TÉRMINO DE MATERIA
9 (RLIN) 29020
Término de materia o nombre geográfico como elemento inicial país de la UE
650 #4 - ASIENTO SECUNDARIO DE MATERIA--TÉRMINO DE MATERIA
9 (RLIN) 26752
Término de materia o nombre geográfico como elemento inicial UE
710 2# - ENCABEZAMIENTO SECUNDARIO--NOMBRE CORPORATIVO
Nombre de entidad o nombre de jurisdicción como elemento inicial Eurostat
9 (RLIN) 3516
830 #0 - ENCABEZAMIENTO SECUNDARIO DE COLECCIÓN--TÍTULO UNIFORME
Título uniforme Themenkreis 4, Energie und Industrie
Nombre de parte o sección de la obra Reihe C, Konten, Erhebungen und Statistiken = Theme 4, Energy and industry. Series C, Accounts, surveys and statistics = Thème 4, Energie et industrie. Série C, Comptes, enquêtes et statistiques
9 (RLIN) 32285
902 ## - CES. TIPO DE DOCUMENTO
Tipodoc (006$c Sirtex) LIB Libro
942 ## - ELEMENTOS KOHA
Fuente de clasificaión o esquema Clasificación propia del CES
Koha [por defecto] tipo de item Monografías
Parte de clasificación 8.3.
Existencias
Número de registro Signatura completa Tipo de item de Koha
008684 DPT-2251 Monografías
© CES, Consejo Económico y Social de España 2021